1450 1910 1789 1940 1280 1029 2000 1101 1804 1069 1728 1535 1928 1056 1913 1738 1555 1178 1227 1198 1390 1778 1720 1656 1798 1958 1529 1015 1075 1256 1291 1351 1642 1189 1648 1377 1615 1426 1034 1857 1807 1356 1306 1792 1443 1369 1042 1580 1249 1554 1156 1935 1086 1104 1442 1952 1776 1585 1680 1462 1424 1858 1551 1151 1206 1698 1636 1133 1992 1843 1199 1683 1102 1055 1644 1906 1348 1534 1201 1700 1389 1770 1028 1747 1140 1453 1383 1313 1403 1268 1887 1114 1937 1133 1332 1546 1230 1747 1218 BCNSPRNW ULIB Ver.6.0+V

เปลี่ยนเป็นภาษาไทย

Change to English
 แสดงรายละเอียดบรรณานุกรม
  กลับหน้าหลัก

Brief Record : Get Marc (ISO 2709) : E-mail record : QR code < ปิดหน้าต่าง
LEADER : 00000nam 2200000uu 4500
001    13399125285
003     ULIB
008    170328s2559||||th 000 0 tha d
020    ^a9786164130616
060 04 ^aWU140^bก357ต
245 00 ^aตำราภาพ ความผิดปกติของฟัน และโรคในช่องปาก /^cบรรณาธิการ, กอบกาญจน์ ทองประสม
246 30 ^aความผิดปกติของฟัน
246 30 ^aโรคในช่องปาก
250    ^aพิมพ์ครั้งที่ 1
260    ^aกรุงเทพฯ :^bศูนย์หนังสือจุฬาลงกรณ์มหาวิทยาลัย,^c2559
300    ^a139 หน้า :^bภาพประกอบ ;^c31 ซม.
505 0  ^a... ความผิดปกติของฟัน (Abnormalities of teeth) ... ความผิดปกติของเยื่อเมือกช่องปาก (Anomalies of oral mucosa) ... ถุงนํ้าและพยาธิสภาพของกระดูก (Cysts and bone pathology) ... โรคเหงือกและปริทันต์ (Periodontal diseases) ... การติดเชื้อในช่องปาก (Infections of the oral mucosa) ... แผลในช่องปาก (Oral ulceration) ... โรคผิวหนังและเนื้อเยื่อเกี่ยวพัน (Skin and connective tissue diseases) ... โรคในช่องปากที่มีแนวโน้มเกิดมะเร็ง (Potentially malignant disorders) ... เนื้องอกชนิดไม่ร้ายแรงและรอยโรคชนิดร้ายแรง (Benign tumors and malignant lesions) ... ความผิดปกติอื่นๆ (Miscellaneous)
650  7 ^aฟัน^xโรค
650  7 ^aฟัน^xความผิดปกติ
650  7 ^aปาก^xโรค
650  7 ^aเวชศาสตร์ช่องปาก
700 0  ^aกอบกาญจน์ ทองประสม
700 02 ^aธิติพงษ์ พฤกษศรีสกุล.^tความผิดปกติของฟัน
700 02 ^aภาสวัชร์ วิริยกิจจา.^tความผิดปกติของเยื่อเมือกช่องปาก
700 02 ^aชาญวิทย์ ประพิณจำรูญ.^tถุงน้ำและพยาธิสภาพของกระดูก
700 02 ^aภัทรนฤน กาญจนบุษย์.^tโรคเหงือกและปริทันต์
700 02 ^aกอบกาญจน์ ทองประสม.^tการติดเชื้อในช่องปาก
700 02 ^aชาญวิทย์ ประพิณจำรูญ.^tแผลในช่องปาก
700 02 ^aกอบกาญจน์ ทองประสม.^tโรคผิวหนังและเนื้อเยื่อเกี่ยวพัน
700 02 ^aกอบกาญจน์ ทองประสม.^tโรคในช่องปากที่มีแนวโน้มเกิดมะเร็ง
700 02 ^aพรพรรณ พิบูลย์รัตนกิจ.^tเนื้องอกชนิดไม่ร้ายแรงและรอยโรคชนืดร้ายแรง
710 2  ^aจุฬาลงกรณ์มหาวิทยาลัย.^bคณะทันตแพทยศาสตร์
710 2  ^aจุฬาลงกรณ์มหาวิทยาลัย.^bภาควิชาเวชศาสตร์ช่องปาก
856    ^a^zTable of Contents (Content)^uhttp://118.174.31.60:80/ULIB//_fulltext/Content/129199/20160916092151_1517.pdf
945    ^p0^l0^i001759
945    ^p0^l0^i001760
999    ^aวรรณษา ชูชัยมงคล
รายการนี้ยังไม่มีแท็ก
คุณยังไม่ได้ล็อกอิน คุณสามารถมีกิจกรรมร่วมกับเว็บไซต์ได้ แต่ต้องล็อกอินก่อน ::
  ล็อกอิน

รายการสื่อสารสนเทศ

ลำดับที่ ประเภท เลขเรียก/บาร์โค้ด สถานที่ สถานะ
1. วิทยาศาสตร์การแพทย์ และสุขภาพ
วิทยาศาสตร์การแพทย์ และสุขภาพ
สถานะ=หนังสือเก่า
WU140 ก357ต ฉ.1 
  Barcode: 001759
ห้องสมุดวิทยาเขตสวรรค์ประชารักษ์
►ส่วนจัดเก็บหนังสือเก่า สปร
บนชั้น
  ขอยืม
2. วิทยาศาสตร์การแพทย์ และสุขภาพ
วิทยาศาสตร์การแพทย์ และสุขภาพ
สถานะ=หนังสือเก่า
WU140 ก357ต ฉ.2 
  Barcode: 001760
ห้องสมุดวิทยาเขตสวรรค์ประชารักษ์
►ส่วนจัดเก็บหนังสือเก่า สปร
บนชั้น
  ขอยืม

รายการใกล้เคียง
    หัวเรื่อง [เวชศาสตร์ช่องปาก]

BibComment


ยังไม่เคยถูกคอมเมนท์

คอมเมนท์ทรัพยากรรายการนี้
  คอมเมนท์: ตำราภาพ ความผิดป..


 Copyright 2026. Bcnsprnw @Library